000 01838cam a22005174i 4500
003 PE-LiUPU
005 20250731173027.0
008 170627s2009 mau rb 000 0 eng d
020 _a9004178260
020 _a9789004178267
035 _a(Sirsi) a237816
040 _aPE-LiUPU
_beng
_cPE-LiUPU
_erda
049 _aPRUA
082 0 4 _a200.82
_bP5
_222
245 0 0 _aPieties and gender /
_cedited by Lene Sjørup.
264 1 _aBoston :
_bBrill,
_c2009.
300 _aviii, 236 páginas ;
_c25 centímetros.
336 _atext
_2rdacontent
337 _aunmediated
_2rdamedia
338 _avolume
_2rdacarrier
490 0 _aInternational studies in religion and society ;
_v9
504 _aBibliografía : Al final de cada capítulo.
504 _aIndex : páginas 235-236.
505 0 _aPieties and politics -- Pieties and methologies -- Virtouos masculinities -- Symbolic gender representations.
526 _aSEG42
526 _aSEG41
526 _aSEG40
526 _aSEG39
526 _aP94
526 _aP87
526 _aP86
526 _aP85
526 _aP77
526 _aP76
526 _aP35
650 0 4 _aSexo
_xAspectos religiosos
_xIglesia Católica.
650 0 4 _aSexo
_xAspectos religiosos
_xIslam.
700 1 _aChristensen, Hilda Rømer,
_eeditor.
910 _ajck
_bncf
_cncf
_d20170627
942 _2ddc
_cBOOK
949 _a200.82 P5
_wDEWEY
_c1
_i76484
_lCCODEBUL1
_mBUL
_p64.23
_r0
_sY
_tBOOK
_u2017-06-27
_xTEOLOGIA
_PP35
_0DONACION
_o.STAFF. Colección Teología
994 _aC0
_bPEPRU
596 _a1
999 _a200.82 P5
_wDEWEY
_c24513
_i76484
_f2021-11-9
_g4
_lCCODEBUL1
_mBUL
_p64.23
_r0
_sY
_tBOOK
_u2017-6-27
_xTEOLOGIA
_PP35
_0COMPRA
_o.STAFF. Colección Teología
_d24513
980 _81
_gALBERTO SANCHEZ Responsable de Automatización